[Event "WchT 11th"]
[Site "Khanty-Mansiysk"]
[Date "2017.06.19"]
[Round "3.2"]
[White "Nepomniachtchi, Ian"]
[Black "Korobov, Anton"]
[Result "1-0"]
[WhiteElo "2732"]
[BlackElo "2711"]
[Annotator "Hillarp Persson,T"]
[PlyCount "67"]
[EventDate "2017.06.17"]
[EventType "team-tourn"]
[EventRounds "9"]
[EventCountry "RUS"]
[SourceTitle "CBM 179"]
[Source "ChessBase"]
[SourceDate "2017.07.12"]
[SourceVersion "1"]
[SourceVersionDate "2017.07.12"]
[SourceQuality "1"]
[WhiteTeam "Russia"]
[BlackTeam "Ukraine"]
[WhiteTeamCountry "RUS"]
[BlackTeamCountry "UKR"]

1. e4 c5 2. Nf3 d6 3. d4 ({For many, many years the general trend was that
players avoided the Najdorf and played} 3. Bb5+ {instead. I am happy to notice
that there is an opposite trend now; especially since I always preached to my 
(most ambitious) students that they should either choose the open Sicilian or
play another game altogether.}) 3... cxd4 4. Nxd4 Nf6 5. Nc3 a6 {What a lovely
position. The smell of Darjeeling tea in my father's living room, just as it
was the first time I encountered this position, still hovers at the edge of my
nostrils. There is no place for laziness in such a position, for either side.
Black has an extra central pawn and looks forward to exchanges, whereas White
is developing fast and has to keep up the pressure so as not to let Black take
over. In the pre-strong-engine era, White was banging his head against a brick
wall and was close to giving it up in favour of 3.Bb5+, but then the rise of
the engines reversed the trend. Now Black is facing a serious assault in more
than one of the old lines.} 6. Bg5 Nbd7 $5 ({Some years ago everyone played} 
6... e6 {and it just about holds on to its position as the main line. This
spring there was an extensive discussion of the line} 7. f4 h6 8. Bh4 Qb6 {
As far as I know it has not been settled.}) 7. Bc4 (7. f4 Qc7 {gives Black the
option of entering one of the normal e7-e6-lines, but also leaves the option
of e7-e5, which is not at all bad.}) ({Another popular line has been} 7. Qe2 h6
8. Bh4 $1 g6 9. f4 e5 {and it seems that Black is facing some hard times after}
10. fxe5 dxe5 11. O-O-O $1 Qc7 12. Nb3 b5 13. Rxd7 $1 Nxd7 14. Nd5 Qd6 15. Na5
$36 Rb8 $6 (15... f6 16. Qf3 $36) 16. Qf3 Bb7 17. Nxb7 Rxb7 18. Be2 h5 19. Kb1
Bg7 20. Rd1 Qe6 21. Qa3 f6 22. c4 b4 23. Qa5 O-O 24. c5 Kh8 25. Bf2 b3 26. Qxa6
bxa2+ 27. Ka1 {1-0 (27) Kasimdzhanov,R (2695)-Zhu,Y (2325) 16th Asian
Continental 2017}) 7... Qa5 {[%cal Ga5g5]} (7... Qb6 {usually induces White to
retreat with the bishop to b3, but another idea that has been around for a
while has suddenly been brought to prefection in the hands of Wei Yi:} 8. O-O
Qxb2 (8... Qc5 9. Bd5 e6 10. Re1 $5 Be7 ({Black is facing a serious assault
after} 10... exd5 11. exd5+ Kd8 (11... Ne5 12. f4) 12. Ne4) 11. Be3 Qa5 12.
Bxe6 fxe6 13. Nxe6 Nc5 14. b4 $1 Qxb4 15. Nc7+ Kd8 16. N3d5 Nxd5 17. Nxd5 $18 {
Wei Yi (2705)-Van Wely,L (2695) 79th Tata Steel GpA 2017}) 9. Nd5 Nxd5 10. Rb1
Qc3 11. Bxd5 Qc7 12. f4 e6 13. Re1 $1 Nc5 14. f5 Be7 15. Bxe7 Qxe7 16. fxe6
fxe6 17. Nf5 $1 Qc7 18. Bc6+ Qxc6 19. Nxd6+ Ke7 {Try to find a way to finish
Black off here.} 20. Qg4 $3 Nd7 (20... Kxd6 21. Red1+ Ke5 22. Qg5+ Kxe4 23.
Rb4#) (20... Qxd6 21. Qxg7+ Kd8 22. Red1 $18) 21. e5 {1-0 (21) Wei Yi (2725)
-Xu,Y (2540) 7th HD Bank Cup 2017}) 8. Qd2 e6 9. Bb3 (9. O-O-O b5 10. Bxe6 (10.
Bb3 $1) 10... fxe6 11. Nxe6 b4 12. Nd5 Kf7 13. Bxf6 Nxf6 14. Nxf8 Rxf8 (14...
Qxa2 $5 15. Qxb4 a5) 15. Qxb4 Qxb4 16. Nxb4 Nxe4 {Predke,A (2565)-Alekseev,E 
(2610) TCh-RUS Men 2017, was much better for Black.}) 9... Be7 $1 ({It is too
time consuming to play} 9... h6 10. Bxf6 Nxf6 {After} 11. O-O-O Be7 12. f4 $1 {
Black never really got out of the starting blocks:} Nd7 13. Kb1 Nc5 14. g4 Bd7
15. h4 b5 16. Qg2 b4 17. e5 Rc8 18. exd6 bxc3 19. dxe7 Nxb3 20. axb3 Kxe7 21.
bxc3 Qxc3 22. Rh3 Qc5 23. Rhd3 Rhd8 24. Qd2 Qc7 25. g5 hxg5 26. hxg5 a5 27. f5
exf5 28. Qe2+ Be6 29. Nxf5+ Kf8 30. Rh1 Kg8 31. Rdh3 Rd1+ 32. Qxd1 {1-0 (34)
Amonatov,F (2590)-Salem,A (2591) Tromsoe 2014}) 10. O-O-O ({Now that White has
retreated with the bishop to b3, it seems less dangerous to play} 10. O-O {
There is nothing wrong with neutralising Bb3 with} Nc5 ({, but inserting} 10...
h6 {first might be even better.} 11. Bxf6 $6 Bxf6 $1 $15 {[%cal Gd7c5]})) 10...
h6 $5 {I am sceptical about this move, although it is according to the normal
script.} (10... O-O 11. Kb1 $1 {[%cal Gc3d5]} Qc7 12. h4 (12. Bxe6 $5 fxe6 13.
Nxe6 Qc4 14. Nxf8 Bxf8 15. f3 $14 {[%csl Ge4]}) 12... Nc5 13. f3 b5 {is pretty
similar to what happens in our main game, but with h6 swapped for 0-0. I would
not dare to say that castling is a bad move for Black, but it seems more
flexible to wait until it is necessary.} 14. g4 b4 15. Nce2 Bd7 16. Ng3 a5 17.
Nh5 a4 18. Bc4 Ncxe4 19. fxe4 Qxc4 20. Bxf6 Bxf6 21. Nxf6+ gxf6 {Sandalakis,A 
(2440)-Gu Xiaobing (2320) 33rd Boeblinger Open 2016, was a real mess.}) ({
So, since I might want to play 0-0 later I would rather not play h6 either:} 
10... Nc5 11. f3 Bd7 12. Kb1 Qc7 13. g4 b5 {is therefore, perhaps, the best
setup. After something like} 14. h4 b4 15. Nce2 a5 {Black is making contact
with White's king, so White must act.} 16. Ng3 $1 Nb7 (16... a4 17. Bc4 O-O 18.
Nh5 Ncxe4 19. fxe4 Qxc4 20. Bxf6 Bxf6 21. Nxf6+ gxf6 {and we are back in the
game Sandakis-Gu.}) 17. Rhe1 O-O 18. Nh5 a4 19. Bd5 $1 {with crazy
complications.}) 11. Be3 ({It might seem that White can get a version of
Amonatov - Salem, above, but Black doesn't have to take back with the knight:} 
11. Bxf6 Bxf6 $1 12. f4 Nc5 13. Kb1 Bd7 {with a balanced position.}) 11... Nc5
{Black's grand plan is to play ...Qc7, ...b5-b4 and then ...Nxb3, followed by .
..d5. White gets to do something first.} (11... Ng4 12. f4 Nc5 13. Kb1 Nxe3 14.
Qxe3 Bd7 {I like comparisons, so let's compare this to the line after 11.Bxf6.
It seems that by offering the exchange of the dark-squared bishop in this way
White has won a tempo (by having Black take it) and also the queen is more
active on e3.}) 12. Kb1 Bd7 (12... Nfxe4 $4 13. Nxe4 Qxd2 14. Nxd2 $18) 13. f3
{I was surprised to find no examples of this position in the database. I would
at least have thought that it would have come about via some strange move
order, but no.} Qc7 14. g4 b5 15. a3 $5 {This kind of move is often played to
slow Black's pawns down, but usually after Black has played something like ...
Bb7 (making it harder to play b4 or a5/b4).} ({The more straightforward} 15. h4
b4 16. Nce2 {also looks good. After} a5 17. g5 Nh5 18. gxh6 g6 19. Bg5 {
White has a strong attack.}) 15... Qb7 $1 ({After something like} 15... Rb8 16.
h4 a5 17. g5 Nh5 18. gxh6 g6 19. Bg5 b4 20. axb4 axb4 21. Na2 {Black is
unhappy about not having the rook on the a-file.}) 16. h4 a5 (16... Nxb3 $6 17.
Nxb3 a5) 17. g5 Nh5 $6 ({I'd rather do just about anything rather than play} 
17... Ng8 $1 {although it might actually be the best move here. Black's
counterplay is coming and it is more important to "hold the lines" on the
kingside, than it is to place the pieces in active places. The engine claims
that} 18. a4 $1 bxa4 19. Bc4 $1 a3 20. Ndb5 $1 {, using the weak b5-square, is
the best. Then} Na4 $1 21. Nxa4 Bxb5 22. Nb6 Bxc4 23. Nxc4 {indeed looks
promising for White.}) 18. gxh6 ({Here White had the fantastic option} 18. Bd5
$3 exd5 19. Nxd5 {which completely ruins Black's coordination. One reason why
this sacrifice works so well, is the stranded knight on h5, another is that
Nf5 comes with terrible force and the last is that Black is unable to play} b4
{, due to} 20. Nxe7 bxa3 21. b3 $1 Nxb3 (21... Kxe7 22. Nf5+ Bxf5 23. Qxd6+ Ke8
24. exf5 $18) 22. cxb3 Kxe7 23. gxh6 {when Black's position is a mess.}) 18...
g6 $6 {When I looked at the game before delving more deeply, I could not
understand where Black went wrong. Every move seems natural and strong. This
is one of those.} (18... b4 19. hxg7 Nxg7 20. Bd5 $1 exd5 21. Nxd5 bxa3 22. Qc3
$1 Rc8 23. Qxa3 $36) 19. Bg5 $6 ({Again White can mix the d5-square and Qc3
with excellent results:} 19. Ba2 $5 b4 20. Nd5 bxa3 21. Qc3 $1 Na4 22. Qxa3 Bf8
23. Rhe1 Rb8 24. Bc1 {and as Black runs out of dynamics, he will be left with
no option but to take material:} exd5 25. exd5+ {and hope to survive after} Kd8
{(althought that is very unlikely).}) 19... f6 $1 {The bishop on e7 is needed
in the defence.} 20. Be3 b4 21. axb4 axb4 22. Na2 {Black is actually doing all
right here, but has to walk a narrow line to prove it.} d5 $2 {Black spent
more than half an hour on this move, after which the game can not be saved.} ({
Black should seek immediate counterplay on the a-file with} 22... Qa6 23. Qxb4
Nxb3 24. Qxb3 {I presume Korobov calculated this far and then saw a ghost of
some kind. It is easy to understand.} O-O $1 (24... Kf7 {looks more natural at
first, but after} 25. c3 {Black can no longer play} d5 {since} 26. exd5 Rhb8
27. dxe6+ {just wins for White.}) 25. Nxe6 (25. c3 d5 $1 26. Nb4 Bxb4 27. cxb4
Rfc8 28. Qa3 Qb7 {is more than a little awkward for White.}) 25... Rfb8 $1 26.
Nc7+ Rxb3 27. Nxa6 Rxe3 28. Nc7 {[%cal Gc7d5]} Rxa2 29. Nd5 $1 Ra7 30. Nxe3 Nf4
{and the position is completely unclear. I would prefer to play Black though.})
23. Qg2 {This forces a rapid deterioration of Black's position. Not only is he
forced to reemploy his active a-rook in the defence, but also the king is
forced to f7, which opens up for a world of pain on the a2-g8 diagonal.} Kf7
24. Rhg1 Rag8 (24... Rhg8 25. h7 Rg7 26. Nxe6 $1 Nxe6 (26... Bxe6 27. exd5) 27.
Rxd5 $18 {[%cal Gd5h5]}) 25. Nxe6 $1 {Ah, you again.} Nxe6 26. exd5 Nef4 27.
d6+ Be6 28. Bxe6+ Nxe6 29. dxe7 Qxe7 30. Nxb4 Qxb4 31. Rd7+ Ke8 32. Rgd1 Nf8
33. Qe2 Ng3 34. Bc5+ {A rather sudden end to an interesting game.} 1-0

[Event "Geneva FIDE GP"]
[Site "Geneva"]
[Date "2017.07.12"]
[Round "6"]
[White "Nepomniachtchi, Ian"]
[Black "Inarkiev, Ernesto"]
[Result "1-0"]
[WhiteElo "2742"]
[BlackElo "2707"]
[Annotator "Mekhitarian,K"]
[PlyCount "67"]
[EventDate "2017.07.06"]
[EventType "swiss"]
[EventRounds "9"]
[EventCountry "SUI"]
[SourceTitle "CBM 180"]
[Source "ChessBase"]
[SourceDate "2017.09.13"]
[SourceVersion "1"]
[SourceVersionDate "2017.09.13"]
[SourceQuality "1"]

1. e4 e5 2. Nf3 Nc6 3. Bb5 a6 4. Ba4 Nf6 5. O-O Be7 6. d3 $5 {I have played
many games in this system, and I think it's a great way to play more flexibly
against the Ruy Lopez, without entering forced lines with the standard 6.Re1.}
d6 (6... b5 {is the most common reply} 7. Bb3 d6 8. a4 {is the move I have
always liked, trying to play c3-Bc2 quickly, without allowing Na5-c5 (which
Black may still play, but he needs to take some care)} (8. a3 {but this is the
current fashion, with numerous games, and a very important recent one} O-O 9.
Nc3 {Here Black has played seven different moves in high-level games! just to
show how rich the position is} Nb8 10. Ne2 Nbd7 11. c3 Bb7 12. Ng3 c5 13. Re1
Rc8 14. Nf5 c4 15. dxc4 Bxe4 16. Nxe7+ Qxe7 17. cxb5 axb5 18. Bg5 Nc5 19. Ba2
h6 20. Bh4 g5 21. Bg3 Bh7 22. Qe2 Kg7 23. Rad1 Nfe4 24. Rd5 f5 25. Rxe5 $1 {
a very creative approach by the ex-world champion. He ended up winning the
game on the 42nd move} dxe5 26. Bxe5+ Nf6 27. Qxb5 $40 {1-0 (42) Kramnik,V 
(2811)-Harikrishna,P (2755) Shamkir 2017}) 8... Bd7 9. c3 Na5 (9... O-O 10. Bc2
$1 {stopping Na5-c5, is the main idea. We will get a position very similar to
this current game} Re8 11. Nbd2 Bf8 12. Re1 b4 13. a5 g6 14. Bb3 Be6 15. Ba4
Bd7 16. Nf1 $13 {1/2-1/2 (116) Caruana,F (2794)-Svidler, P (2757) Moscow 2016,
with interesting play.}) 10. Bc2 c5 11. d4 Qb8 $1 {an important move to defend
the a8-rook - this was played in the 4th round} (11... Qc7 $6 12. axb5 {
and Black is forced to take with the bishop to avoid b2-b4} Bxb5 13. Re1 $16)
12. Bg5 h6 13. Bh4 (13. Bxf6 {this move has been tried three times} Bxf6 14.
axb5 $6 (14. dxe5 dxe5 15. Qd5 Qc8 $5 (15... Nb7 $5 16. axb5 Be6 17. Qc6+ Bd7
18. Qd5 Be6 19. Qd1 axb5 20. Rxa8 Qxa8 21. Na3 Qa5 (21... b4 $5) 22. Nxb5 $1
Bc4 23. Nd6+ Nxd6 24. Qxd6 Bxf1 25. Kxf1 Qb5+ 26. Ke1 $44 {1-0 (61) Navara,D 
(2703)-Caruana,F (2779) Rhodes 2013  with good compensation; Navara went on to
win the game.}) 16. Nxe5 Be6 17. Qd6 Be7 $6 (17... b4 $1 $44) 18. Qd1 Qc7 19.
axb5 axb5 20. Nf3 O-O 21. Nbd2 $16 {1-0 (59) Khairullin,I (2629)-Gustafsson,J 
(2629) Bangkok 2016 and White slowly consolidated.}) 14... axb5 15. dxc5 dxc5
16. Qd5 {now it simply fails for White, and Black achieves an advantage} Qc8
17. b4 (17. Nxe5 $2 {now this loses} Be6 18. Qd6 Ra6 $1 $19 {winning the
knight, this is the difference}) 17... Be6 18. Qxc5 Qxc5 19. bxc5 Kd7 $1 20.
Na3 Kc6 21. Rab1 Rhb8 $17 {0-1 (63) Morozevich,A (2683) -Vitiugov,N (2718)
Novi Sad 2016, with a big advantage in the endgame.}) 13... Be6 14. Nbd2 O-O
15. Re1 (15. h3 {also didn't create problems for Black} Rc8 16. Bg3 cxd4 17.
cxd4 Nh5 $1 18. Bh2 Nf4 19. axb5 axb5 20. Bxf4 exf4 21. Bd3 Nc4 22. Qe2 Rxa1
23. Rxa1 Bf6 $132 {1/2-1/2 (39) Ponomariov,R (2742)-Caruana,F (2774)
Thessaloniki 2013, and Caruana found enough counterplay.}) 15... cxd4 16. cxd4
Rc8 17. h3 Nc6 $1 {after major simplifications, equality prevailed} 18. axb5
axb5 19. Rxa8 Qxa8 20. Bxf6 Bxf6 21. d5 Nb4 22. dxe6 Nxc2 23. exf7+ Kxf7 $11 {
1/2-1/2 (30) Grischuk,A (2761) -Aronian,L (2809) Geneva SUI 2017}) 7. c3 {
allowing him to bring the bishop directly to c2 whenever it's needed.} O-O 8.
h3 Re8 9. Re1 Bf8 10. Nbd2 (10. c4 $5 {An original try from the 2016 world
title challenger. It has been repeated five times already in practice. The
idea is to have harmonious development (Nc3 especially), at the same time
avoiding ...b5. Naturally, the d4-square gets weakened, but h3 is very
important to avoid ...Bg4} Nd7 11. Be3 Ne7 12. Nc3 c6 13. b4 $1 Ng6 14. Bb3 h6
15. a3 (15. d4 $1 $14 {was a very natural way to claim an advantage}) 15... Nf6
16. Ra2 (16. c5 $5 $14) 16... a5 17. Qb1 Nh5 18. Ne2 Qf6 $36 {1-0 (51)
Karjakin,S (2769)-Amin,B (2661) Baku 2016; followed by ...Nhf4. With a couple
of imprecise moves, Karjakin handed over the initiative to Black, but ended up
winning the game.}) 10... b5 11. Bc2 h6 (11... Bb7 {is a good move that was
played against me, and I reacted so poorly that in a few moves I had a bishop
locked in on b1!} 12. a4 $5 (12. d4 $1 {transposes to a Zaitsev line, with the
correct tempi, because even though White played d3 and d4, he also brought the
bishop to c2 (without Bb3)}) 12... h6 13. Nf1 (13. b4 $1 $14 {with the idea of
Nb3}) 13... d5 $1 {Black is doing fine already} 14. Qe2 (14. exd5 Nxd5 15. axb5
axb5 16. Rxa8 Qxa8 17. d4 $11 {should lead to massive simplifications}) 14...
b4 15. Ng3 (15. a5 $1 $13 {an important move, to avoid my opponent's plan})
15... Na5 $1 {suddenly I have problems to avoid b3, and cxb4 (although
probably necessary), looks ugly as well} 16. Nf5 $2 (16. cxb4 Bxb4 17. Bd2 Bxd2
18. Qxd2 dxe4 19. dxe4 Qxd2 20. Nxd2 Rad8 $36 {and Black has a slight
initiative}) 16... b3 17. Bb1 Bc8 18. N3h4 d4 19. cxd4 exd4 $17 {0-1 (42)
Mekhitarian,K (2544)-Vajda,L (2617) Albena 2013, and it's clear I lost the
game without a chance :).}) 12. a4 b4 13. a5 $1 {A good move to win space on
the queenside - not only the weakness on a6 is now fixed, but most importantly,
there is no ...Na5 anymore (after ...Rb8 let's say).} Rb8 14. Nc4 g6 $6 {
It feels like Black has to play in the centre before White comfortably plays
d4.} (14... Bd7 {was the precedent} 15. Bd2 bxc3 16. bxc3 Qc8 17. Nh2 (17. d4
$5 $14 {was more logical and direct, White keeps a small edge always}) 17...
Be6 18. Ba4 Qb7 19. Ng4 Nxg4 20. hxg4 Red8 $1 (20... Bxc4 $2 {this is not
something White should be worried about, because the light squares become a
big problem, and ...d5 will never be played} 21. dxc4 Re6 22. g5 $5 $16) 21.
Bc2 d5 22. exd5 Bxd5 23. Ne3 (23. g5 $5 $40) 23... Bb3 (23... Be6 $11) 24. Rb1
Bxc2 25. Qxc2 Qa8 $11 {1-0 (41) Naiditsch,A (2689)-Lenic,L (2625) Reykjavik
2015}) (14... bxc3 15. bxc3 d5 {is a typical reaction in these positions, but
White always has something to play for} 16. exd5 Nxd5 (16... Qxd5 $5) 17. Bd2
f6 18. d4 $5 exd4 19. Rxe8 Qxe8 20. Nxd4 Nxd4 21. cxd4 $40 {and White has
propects for an attack on the kingside, with a move like Qf3.}) (14... d5 $5 {
is also possible.}) 15. Bd2 bxc3 16. bxc3 Bg7 17. d4 $1 $14 exd4 18. cxd4 Nb4
$6 (18... d5 $1 {was good, trying to exchange a pair of rooks or a pair of
knights} 19. Nce5 $1 (19. exd5 $6 Rxe1+ 20. Qxe1 Qxd5 $11 {and Black is doing
ok}) 19... Nxe5 20. Nxe5 Bb7 21. Ba4 Re6 {looks weird, but whenever White
plays exd5, Black is fine} 22. Rb1 $1 Ba8 $1 $13 {with an unclear position} (
22... Nxe4 $2 23. Nd7 $1 Bxd4 24. Be3 $16)) 19. Bb1 d5 20. Nce5 $1 {
Threatening Bxb4 followed by Nc6.} Re6 (20... dxe4 21. Bxb4 Rxb4 (21... exf3
22. Nc6 $18) 22. Ba2 $1 {nice move} (22. Nc6 $2 Qd6 $1 23. Nxb4 exf3 24. Rxe8+
Nxe8 {and Black has amazing compensation} 25. Qe1 {forced, to defend b4 and
win a tempo on e8} Nf6 $17) 22... exf3 23. Bxf7+ $40 {with a very strong
attack.}) 21. exd5 Nfxd5 22. Qc1 $1 $16 Qf8 23. Be4 {White has a very strong
initiative, safer and better placed pieces.} Rb5 (23... f5 $5 {an ugly
positional move, but perhaps White's initiative had to be parried somehow} 24.
Bxd5 Nxd5 25. Qc4 Rb5 {trying to stabilise with ...Qe8} 26. Rab1 Qe8 27. Rxb5
Qxb5 28. Qa2 {threatening Rb1 with deadly effect} Qb7 29. Rc1 $16 {Black still
has problems to coordinate.}) 24. Rb1 c6 (24... f5 {allows a different idea now
} 25. Bxb4 $1 Nxb4 26. Bc2 $1 Nxc2 27. Qxc2 Rxb1 28. Rxb1 {and Black remains
in deep trouble:} Qd6 29. Qb3 $1 Kh7 30. Rc1 Bd7 31. Qb7 $18) 25. Qc4 Qd6 26.
Rb3 $1 {The rook will swing over to the kingside in many lines.} Bf8 27. h4 $5
{Bringing another soldier to the battle, more logical than the unclear 27.
Nxf7!?} (27. Nxf7 $5 {shows White's potential on the kingside} Kxf7 28. Ne5+
Kg8 (28... Rxe5 {doesn't help} 29. dxe5 Qe6 30. Rf3+ Kg7 (30... Ke8 31. Bb1 $1
$18 {followed by the devastating Rf6!}) 31. Bxg6 $1 $18 {f8 falls or White
wins the queen with Rg3}) 29. Bxg6 Rf6 (29... Rxg6 30. Nxg6 Qxg6 31. Rg3 Qxg3
32. fxg3 $18 {should be equally hopeless, with such an open king}) 30. Rg3 Bg7
31. Be4 {threatening Bxb4 Rxb4 Bxd5+! winning a piece} Be6 32. Qc1 $40 {
the attack continues, and should be more than enough since he already has two
pawns for the piece.}) 27... c5 $2 {Black's position was already vulnerable
with the pawn on c6, now it totally collapses - ...cxd4 is not even a threat,
because the c8-bishop is hanging.} (27... Nf6 {The position is difficult
anyway, but this was the last chance for Black to try some regrouping; it
turns out that the knight on d5 is not ideally placed} 28. Bb1 Qd5 29. Qc3 $1 {
threatening Bxh6 and Rxb4} Re8 (29... h5 $2 30. Ng5 Re7 31. Ne4 $16) 30. Bxh6
Be6 31. Rb2 Bxh6 32. Rxb4 $16) 28. h5 $1 $18 g5 29. Bf5 (29. Bxg5 hxg5 30. Nxg5
$18 {was also devastating, followed by Rg3 and taking on f7.}) 29... Ne7 30.
dxc5 $1 Rxc5 31. Bxb4 $18 Nxf5 32. Bxc5 Qxc5 33. Qxc5 Bxc5 34. Rc3 {A fine
game by Nepo, now at 3.5/6, trailing by half a point the current three leaders:
Radjabov, Grischuk and Harikrishna!} 1-0